Statistics for Municipalities of Hokkaido Prefecture

Click here to take the quiz!

General Stats

  • This quiz has been taken 387 times
  • The average score is 98 of 185

Answers on the Map

Answers color-coded by a green-red scale on the quiz's map according to % correct below.
 

Answer Stats

Answer% Correct
Sapporo 札幌
98%
Hakodate 函館
93%
Asahikawa 旭川
86%
Wakkanai 稚内
85%
Kushiro 釧路
78%
Obihiro 帯広
78%
Nemuro 根室
76%
Otaru 小樽
75%
Toma 当麻
75%
Chitose 千歳
74%
Muroran 室蘭
73%
Tomakomai 苫小牧
73%
Abashiri 網走
72%
Monbetsu 紋別
72%
Kitami 北見
71%
Ebetsu 江別
68%
Furano 富良野
68%
Ishikari 石狩
68%
Yubari 夕張
68%
Noboribetsu 登別
67%
Shibetsu 標津
67%
Shibetsu 士別
67%
Kitahiroshima 北広島
66%
Naie 奈井江
65%
Oshamanbe 長万部
65%
Rumoi 留萌
65%
Esashi 枝幸
64%
Esashi 江差
64%
Nakashibetsu 中標津
64%
Niseko ニセコ
64%
Hokuto 北斗
62%
Iwamizawa 岩見沢
62%
Shari 斜里
62%
Yakumo 八雲
62%
Date 伊達
61%
Kucchan 倶知安
61%
Matsumae 松前
61%
Takikawa 滝川
61%
Akkeshi 厚岸
60%
Bibai 美唄
60%
Eniwa 恵庭
60%
Hidaka 日高
60%
Kamikawa 上川
60%
Kikonai 木古内
60%
Mori 森
60%
Nayoro 名寄
60%
Rebun 礼文
60%
Minamifurano 南富良野
59%
Otoineppu 音威子府
59%
Teshio 天塩
59%
Shiraoi 白老
58%
Biei 美瑛
56%
Erimo えりも
56%
Fukagawa 深川
56%
Rishiri 利尻
56%
Saroma 佐呂間
56%
Shikotan 色丹
56%
Ashibetsu 芦別
55%
Betsukai 別海
55%
Fukushima 福島
55%
Rausu 羅臼
55%
Rikubetsu 陸別
55%
Sarufutsu 猿払
55%
Mikasa 三笠
54%
Okushiri 奥尻
54%
Setana せてな
54%
Shintoku 新得
54%
Sunagawa 砂川
54%
Ashoro 足寄
53%
Mukawa むかわ
53%
Nakafurano 中富良野
53%
Shinhidaka 新ひだか
53%
Toyako 洞爺湖
53%
Utashinai 歌志内
53%
Akabira 赤平
52%
Hamatonbetsu 浜頓別
52%
Hiroo 広尾
52%
Ikeda 池田
52%
Mashike 増毛
52%
Nakagawa 中川
52%
Numata 沼田
52%
Shakotan 積丹
52%
Shimukappu 占冠
52%
Tobetsu 当別
52%
Toyotomi 豊富
52%
Urakawa 浦河
52%
Bifuka 美深
51%
Engaru 遠軽
51%
Kamifurano 上富良野
51%
Memuro 芽室
51%
Ozora 大空
51%
Shimizu 清水
51%
Yoichi 余市
51%
Horonobe 幌延
49%
Kamishihoro 上士幌
49%
Kamisunagawa 上砂川
49%
Teshikaga 弟子屈
49%
Tomari 泊
49%
Akaigawa 赤井川
48%
Higashikawa 東川
48%
Kuriyama 栗山
48%
Nakatonbetsu 中頓別
48%
Okoppe 興部
48%
Pippu 比布
48%
Rishirifuji 利尻富士
48%
Shibecha 標茶
48%
Shinshinotsu 新篠津
48%
Shiranuka 白糠
48%
Taiki 大樹
48%
Uryu 雨竜
48%
Yubetsu 湧別
48%
Abira 安平
47%
Aibetsu 愛別
47%
Enbetsu 遠別
47%
Haboro 羽幌
47%
Hamanaka 浜中
47%
Kaminokuni 上ノ国
47%
Koshimizu 小清水
47%
Makubetsu 幕別
47%
Nanporo 南幌
47%
Samani 様似
47%
Shimokawa 下川
47%
Suttsu 寿都
47%
Chippubetsu 秩父別
46%
Hokuryu 北竜
46%
Kunneppu 訓子府
46%
Moseushi 妹背牛
46%
Nanae 七飯
46%
Otofuke 音更
46%
Shihoro 士幌
46%
Shikaoi 鹿追
46%
Shintotsukawa 新十津川
46%
Shiriuchi 知内
46%
Atsuma 厚真
45%
Bihoro 美幌
45%
Horokanai 幌加内
45%
Iwanai 岩内
45%
Kimobetsu 喜茂別
45%
Kuromatsunai 黒松内
45%
Kyowa 共和
45%
Nakasatsunai 中札内
45%
Nishiokoppe 西興部
45%
Omu 雄武
45%
Rankoshi 蘭越
45%
Rusutsu 留寿都
45%
Tsukigata 月形
45%
Kyogoku 京極
44%
Niikappu 新冠
44%
Oketo 置戸
44%
Otobe 乙部
44%
Rubetsu 留別
44%
Shimamaki 島牧
44%
Tsurui 鶴居
44%
Higashikagura 東神楽
42%
Kamoenai 神恵内
42%
Kenbuchi 剣淵
42%
Makkari 真狩
42%
Naganuma 長沼
42%
Obira 小平
42%
Sarabetsu 更別
42%
Shikabe 鹿部
42%
Shosanbetsu 初山別
42%
Sobetsu 壮瞥
42%
Toyoura 豊浦
42%
Urahoro 浦幌
42%
Yuni 由仁
42%
Biratori 平取
41%
Shana 紗那
41%
Shibetoro 蘂取
41%
Tomamae 苫前
41%
Tsubetsu 津別
41%
Assabu 厚沢部
40%
Furubira 古平
40%
Kiyosato 清里
40%
Urausu 浦臼
40%
Wassamu 和寒
40%
Ruyobetsu 留夜別
39%
Takasu 鷹栖
39%
Takinoue 滝上
39%
Toyokoro 豊頃
39%
Honbetsu 本別
38%
Imakane 今金
38%
Niki 仁木
38%

Score Distribution

Percentile by Number Answered

Percent of People with Each Score

Your Score History

You have not taken this quiz